000 00638nam a22002177a 4500
003 OSt
005 20260530115314.0
008 260420b1970 mx |||| |||| 00| 0 spa d
040 _aICI
_bspa
_cICI
050 _aLB 3011
_bH47
100 _aM. Cerna Manuel
_eautor
_933276
245 _aLa Escuela unitaria completa /
_cManuel M. Cerna
260 _aMéxico :
_bVarazén,
_c1970
300 _a185 paginas
_c18 cm.
336 _2rdacontent
_atexto
337 _2rdamedia
_asin medio
338 _2rdacarrier
_avolumen
650 _aEscuelas rurales -
_zAmérica Latina.
_933277
650 _aEducación primaria.
_933278
942 _2lcc
_cBK
999 _c13496
_d13496